LEADER 00953nam a2200241 u 4500 001 000000032910 003 CaOOAMICUS 005 20070226112314.0 008 971024s1960 fr u000 u fre u 035 $a10774182 040 $aPUL$bita 100 1 $aSteinmann, Jean.$0(OLS)http://pul/name/10897 245 13$aLe livre de la consolation d'Israël et les Prophètes du retour de l'exil /$cJean Steinmann. 260 $aParis :$bCerf,$c1960. 300 $a312 p. ;$c23 cm 490 1 $aLectio divina ;$v28 830 0$aLectio divina ;$v28.$0(OLS)http://pul/title/3461 850 $aPUL 852 $aPUL$W1$xSL Religione 1$y3$m9 I 28$j45265$nBK-PRI$b $qStampati$B45265$CPULBib$Z2$F45265 $H $81 941 1 $a8 961 $aINV: 25114 996 $6245$aLe livre de la consolation d'Israël et les Prophètes du retour de l'exil$9(OLS)http://pul/title/45356 996 $6260$aParis :$bCerf$9(OLS)http://pul/publisher/48238 LEADER 00882nam a2200217 u 4500 001 000000088588 003 CaOOAMICUS 005 20070226124529.0 008 051104s1954 fr u000 u fre u 035 $a11066673 040 $aPUL(R)$bita 110 2 $aConferenza episcopale francese.$0(OLS)http://pul/name/40452 245 10$aAssemblée plénière de l'Épiscopat français. 260 $aVanves :$bInstitut catholique de Paris,$c1954. 300 $a103 p. ;$c25 cm 650 4$aVescovi.$0(OLS)http://pul/subject/210 850 $aPUL 852 $aPUL$W1$xDP1 Fondo Pastorale$y55$mP6 C 12$j112164$nBK-PRI$b $qFondi$B112164$CPULBib$Z2$F112164 $H $81 941 1 $a1 996 $6245$aAssemblée plénière de l'Épiscopat français$9(OLS)http://pul/title/114489 996 $6260$aVanves :$bInstitut catholique de Paris$9(OLS)http://pul/publisher/77958